| 000 | 01032cad a22002295a 4500 | ||
|---|---|---|---|
| 001 | E153589 | ||
| 008 | 110808e20110804xxkb f s000 0 eng d | ||
| 035 | _a(Sirsi) u153589 | ||
| 041 | 0 | _aeng | |
| 100 | 1 | _aHough, Richard | |
| 245 | 0 | 4 |
_aFrequently asked questions _bfactoring and maintenance of common property _h[electronic resource] |
| 260 |
_aEdinburgh _bScottish Parliament _c2011 |
||
| 490 | 0 |
_aSPICe Briefing _v(11/56) 4 August 2011 |
|
| 520 | _aProvides answers to common questions relating to communal areas and property factors, including obtaining payment from owners, how to deal with unsatisfactory property factors, and the effect the Property Factors (Scotland) Act 2011. | ||
| 521 | _aAdvanced | ||
| 590 | _aKA | ||
| 650 | 2 | 4 | _aPROPERTY FACTORS (SCOTLAND) ACT 2011 |
| 651 | 4 |
_aScotland _y1999- |
|
| 690 | _aPROPERTY-LANDLORD AND TENANT | ||
| 856 | 4 | 0 |
_uhttps://www.scottish.parliament.uk/business/research/briefings-11/SB11-56.pdf _zView the briefing free of charge at www.scottish.parliament.uk |
| 942 | _n0 | ||
| 999 |
_c112599 _d112599 |
||